Questions on the soul (Record no. 24122)
[ view plain ]
| 000 -LEADER | |
|---|---|
| fixed length control field | 00678nam a2200253Ia 4500 |
| 003 - CONTROL NUMBER IDENTIFIER | |
| control field | 0100 |
| 008 - FIXED-LENGTH DATA ELEMENTS--GENERAL INFORMATION | |
| fixed length control field | 130303s9999 xx 000 0 und d |
| 040 ## - CATALOGING SOURCE | |
| Transcribing agency | ARRUPELIB |
| 050 ## - LIBRARY OF CONGRESS CALL NUMBER | |
| Classification number | B765.T531 1984 |
| 300 ## - PHYSICAL DESCRIPTION | |
| Other physical details | 23cm. |
| 100 ## - MAIN ENTRY--PERSONAL NAME | |
| Personal name | St. Thomas Aquinas |
| 245 ## - TITLE STATEMENT | |
| Title | Questions on the soul |
| 245 ## - TITLE STATEMENT | |
| Remainder of title | quaetiones de anima |
| 260 ## - PUBLICATION, DISTRIBUTION, ETC. (IMPRINT) | |
| Place of publication, distribution, etc | Milwaukee, Wisconsin |
| 260 ## - PUBLICATION, DISTRIBUTION, ETC. (IMPRINT) | |
| Name of publisher, distributor, etc | Marquette University Press |
| 260 ## - PUBLICATION, DISTRIBUTION, ETC. (IMPRINT) | |
| -- | 1984 |
| 300 ## - PHYSICAL DESCRIPTION | |
| Extent | 275p. |
| 440 ## - SERIES STATEMENT/ADDED ENTRY--TITLE | |
| Title | Mediaeval philosophical texts in translation, No. 27 |
| 650 ## - SUBJECT ADDED ENTRY--TOPICAL TERM | |
| Topical term or geographic name as entry element | PHILOSOPHY |
| 650 ## - SUBJECT ADDED ENTRY--TOPICAL TERM | |
| Topical term following geographic name as entry element | The philosophical writings of Descartes |
| 650 ## - SUBJECT ADDED ENTRY--TOPICAL TERM | |
| Location of event | Cottingham, John |
| 650 ## - SUBJECT ADDED ENTRY--TOPICAL TERM | |
| Active dates | Stroothoff, Robert |
| 942 00 - ADDED ENTRY ELEMENTS (KOHA) | |
| Koha issues (borrowed), all copies | 1 |
| Withdrawn status | Lost status | Source of classification or shelving scheme | Damaged status | Not for loan | Collection code | Home library | Current library | Shelving location | Date acquired | Total Checkouts | Full call number | Barcode | Date last seen | Copy number | Price effective from | Koha item type | Date checked out |
|---|---|---|---|---|---|---|---|---|---|---|---|---|---|---|---|---|---|
| Library of Congress Classification | Main Collection | ARRUPE LIBRARY | ARRUPE LIBRARY | Main Collection | 04/03/2013 | B765.T531 Q3 R6 1984 | 46003008713 | 04/03/2013 | 1 | 04/03/2013 | Monograph ( Printed materials) | ||||||
| Library of Congress Classification | Main Collection | ARRUPE LIBRARY | ARRUPE LIBRARY | Main Collection | 04/03/2013 | B765.T531 Q3 R6 1984 | 46003007328 | 21/09/2017 | 2 | 04/03/2013 | Monograph ( Printed materials) | ||||||
| Library of Congress Classification | Main Collection | ARRUPE LIBRARY | ARRUPE LIBRARY | Main Collection | 04/03/2013 | 1 | B765.T531 Q3 R6 1984 | 46003091503 | 03/12/2013 | 3 | 04/03/2013 | Monograph ( Printed materials) | 27/08/2013 |